مكتبة جامعة عجلون الوطنية

فهرس بحث المكتبة

الحكم القضائي المنعدم " دراسة مقارنة " / (Record no. 23916)

MARC details
000 -LEADER
fixed length control field 01015nam a2200241Ii 4500
003 - CONTROL NUMBER IDENTIFIER
control field JO-AjNU
005 - DATE AND TIME OF LATEST TRANSACTION
control field 20240630082253.0
008 - FIXED-LENGTH DATA ELEMENTS--GENERAL INFORMATION
fixed length control field 230605s9999||||xx |||||||||||||| ||und||
040 ## - CATALOGING SOURCE
Original cataloging agency JO-AjNU
Language of cataloging ara
Description conventions rda
Transcribing agency JO-AjNU
041 ## - LANGUAGE CODE
Language code of text/sound track or separate title ara
050 14 - LIBRARY OF CONGRESS CALL NUMBER
Classification number K2300.2004
100 #1 - MAIN ENTRY--PERSONAL NAME
Personal name اللوزي ، عادل سالم محمد
9 (RLIN) 65837
245 2# - TITLE STATEMENT
Title الحكم القضائي المنعدم " دراسة مقارنة " /
Statement of responsibility, etc. إعداد عادل سالم محمد اللوزي ؛إشراف محمد يوسف الزعبي
260 ## - PUBLICATION, DISTRIBUTION, ETC.
Date of publication, distribution, etc. 2004
300 ## - PHYSICAL DESCRIPTION
Extent 213ورقة
336 ## - CONTENT TYPE
Content type term text
Content type code txt
Source rdacontent
337 ## - MEDIA TYPE
Media type term unmediated
Media type code n
Source rdamedia
338 ## - CARRIER TYPE
Carrier type term volume
Carrier type code nc
Source rdacarrier
500 ## - GENERAL NOTE
General note رسالة جامعية (دكتوراة فلسفة في القانون الخاص )--جامعة عمان العربية ، كلية الدراسات القانونية العليا ، 2004
650 #4 - SUBJECT ADDED ENTRY--TOPICAL TERM
Topical term or geographic name entry element الاحكام القضائية
9 (RLIN) 46725
700 #1 - ADDED ENTRY--PERSONAL NAME
Personal name الزعبي، محمد يوسف
9 (RLIN) 65838
Relator term مشرف
942 ## - ADDED ENTRY ELEMENTS (KOHA)
Source of classification or shelving scheme Library of Congress Classification
Koha item type Thesis
Holdings
Withdrawn status Lost status Source of classification or shelving scheme Damaged status Not for loan Home library Current library Shelving location Date acquired Total Checkouts Full call number Barcode Date last seen Price effective from Koha item type
    Library of Congress Classification     مكتبة جامعة عجلون الوطنية مكتبة جامعة عجلون الوطنية المراجع 30/06/2024   K2300.2004 A20348 06/06/2023 30/06/2024 Thesis